| 000 | 01670nab a2200241 i 4500 | ||
|---|---|---|---|
| 001 | 768714001 | ||
| 003 | CO-MdFUSB | ||
| 005 | 20240618121523.0 | ||
| 008 | 240618t1988 us ||||| |||| 00| 0 eng d | ||
| 040 |
_bspa _cCO-MdFUSB _dCO-MdFUSB |
||
| 041 | _aspa | ||
| 100 |
_aSpittler, Russell P., _eautor |
||
| 245 |
_aImplicit values in pentecostal missions _c/ Russell P. Spittler |
||
| 520 | _aEs probable que el próximo tercer milenio de la iglesia encuentre a la mayoría de sus seguidores viviendo en los dos tercios del mundo en el hemisferio sur y practicando una espiritualidad pentecostal. Los esfuerzos misioneros pentecostales reflejan una espiritualidad que se caracteriza por (1) un alto valor otorgado a la experiencia religiosa; (2) una preferencia por la comunicación oral; (3) espontaneidad en la conducta personal así como en la adoración corporativa; (4) el sobrenaturalismo como raíz del pesimismo cultural, la separación eclesiástica, la creencia en espíritus y demonios y la urgencia escatológica del regreso de Cristo; y (5) autoridad bíblica, a menudo expresada en una hermenéutica de precedentes bíblicos. En última instancia, la espiritualidad pentecostal es un estilo de vida que ya no se limita a las iglesias pentecostales. | ||
| 546 | _aTexto en inglés | ||
| 650 | 0 |
_aPentecostalismo _9142 |
|
| 650 | 0 |
_aMisiones _9154 |
|
| 650 | 7 |
_aPsicoanálisis y religión _97187 |
|
| 650 | 7 |
_aAntropología cultural y social _96714 |
|
| 773 | 0 |
_049486 _982777 _d Pasadena _oR2652 _tMissiology: _w(CO-MdFUSB)97 _gVolumen 16, (4, 1988) páginas: 409 - 426 _qpágina: 409 |
|
| 942 | _cANA | ||
| 945 | _aCatherine Arias Álvarez - Practicante SENA | ||
| 999 |
_c70250 _d70250 |
||